000 01735cam a2200325 4500500
005 20251228074147.0
041 _afre
042 _adc
100 1 0 _aIbos, Caroline
_eauthor
700 1 0 _aSchmidt, Géraldine
_eauthor
700 1 0 _aMourey, Damien
_eauthor
700 1 0 _aBobadilla, Natalia
_eauthor
245 0 0 _aLa lutte des Lejaby mise en scènes
260 _c2016.
500 _a87
520 _aRésumé En 2012, une auteure de théâtre et une metteure en scène s'emparent de la fermeture de l'usine de lingerie Lejaby en Haute-Loire pour monter un spectacle théâtral. Le texte s'appuie sur un travail de recueil de paroles mené auprès des ouvrières et la scénographie traduit une longue observation de terrain. La pièce montre comment la lutte contre une délocalisation industrielle est un moment où les femmes saisissent la place que le travail a pu prendre dans la construction de leurs identités individuelles comme collectives. Le travail, loin de se réduire à un ensemble de gestes, de fonctions ou de contraintes circonscrites, est un flux qui imprègne toute la vie, de l'intime au politique.
690 _aCONDITIONS SOCIALES
690 _aDÉLOCALISATIONS INDUSTRIELLES
690 _aIDENTITÉS AU TRAVAIL
690 _aLUTTES
690 _aMOBILISATIONS COLLECTIVES
690 _aOUVRIÈRES
690 _aRAPPORT AU TRAVAIL
690 _aREPRÉSENTATIONS ARTISTIQUES
690 _aREPRÉSENTATIONS DU TRAVAIL OUVRIER
690 _aTHÉÂTRE ET POLITIQUE
690 _aXXe SIÈCLE
786 0 _nSociologies pratiques | 33 | 3 | 2016-09-21 | p. 49-58 | 1235-9278
856 4 1 _uhttps://shs.cairn.info/revue-sociologies-pratiques-2016-3-page-49?lang=fr&redirect-ssocas=7080
999 _c1597002
_d1597002